000
00336nam a2200133Ia 4500
008
220204s9999 xx 000 0 und d
082
_a
338.26
_b
GAD;1
100
_a
GADGIL, D R
245
0
_a
Planning and economic policy in India
250
_a
Ed.2
260
_a
Poona
_b
Gokhale Inst
_c
1961
650
_a
Economic planning
942
_c
BK
999
_c
20027
_d
20027